[Event "London"]
[Site "Chess Classic 3"]
[Date "2011.12.04"]
[Round "2"]
[White "Nakamura, Hikaru"]
[Black "Aronian, Levon"]
[Result "1-0"]
[WhiteElo "2758"]
[BlackElo "2802"]
[Annotator "JvR"]
[PlyCount "107"]
[EventDate "2011.12.03"]
[SourceDate "1999.07.01"]

1. d4 d5 2. c4 e6 3. Nc3 Be7 4. cxd5 exd5 5. Bf4 c6 6. e3 Bf5 7. Nge2 Nd7 8.
Ng3 Bg6 9. Be2 Nb6 10. Be5 Nf6 $5 11. h4 h6 12. h5 Bh7 13. Bd3 O-O 14. Bxh7+
Kxh7 15. Qc2+ Kh8 16. Nf5 Nc4 17. b3 Nxe5 18. dxe5 Ng4 19. f4 Qd7 20. O-O-O $5
f6 21. e4 fxe5 22. Qe2 Nf6 23. Nh4 exf4 24. Ng6+ Kg8 25. Nxf8 Bxf8 26. exd5
cxd5 {Black has an edge.} 27. Qd3 Rd8 28. Kb1 Bc5 29. Rhf1 Be3 30. g3 d4 31.
gxf4 Qe7 $5 (31... Qc6 $1 32. Rde1 Rd7 {keeps a plus.}) 32. Rde1 Rd7 33. Nd1
Nd5 34. Nxe3 dxe3 35. Rc1 Rd8 36. Qf5 Qe8 37. Rfe1 b6 38. a3 $5 Kh8 $5 39. Kb2
a5 $2 ({Correct is} 39... Qf8 40. Qxf8+ Rxf8 41. Rc4 Rf5) 40. Rc4 $5 Nf6 41.
Qe5 Qf8 42. Qxe3 b5 $5 43. Rd4 b4 44. a4 Rxd4 45. Qxd4 Nxh5 46. Re5 Nxf4 47.
Rxa5 Ne6 48. Qd2 g5 49. Ra6 Qf6+ 50. Ka2 Qe5 51. Qb2 $1 Qxb2+ 52. Kxb2 Nf4 53.
Rxh6+ Kg7 54. Rd6 {Nakamura played aggressively.} 1-0

[Event "London"]
[Site "Chess Classic 3"]
[Date "2011.12.04"]
[Round "2"]
[White "Short, Nigel"]
[Black "Kramnik, Vladimir"]
[Result "0-1"]
[WhiteElo "2698"]
[BlackElo "2800"]
[Annotator "JvR"]
[PlyCount "86"]
[EventDate "2011.12.03"]
[SourceDate "1999.07.01"]

1. e4 e5 2. Nf3 Nc6 3. Nc3 Nf6 4. Bb5 Nd4 5. Nxd4 exd4 6. e5 dxc3 7. exf6 Qxf6
8. dxc3 Bc5 9. Qe2+ Qe6 10. O-O O-O 11. Qf3 $5 ({Theory is} 11. Bf4) 11... d6
12. Bg5 Qf5 13. Be7 $2 {Exchange of queens forces the draw.} Qxf3 14. gxf3 a6
$1 15. Ba4 b5 $1 16. b4 $6 ({Kramnik analyses} 16. Bxf8 bxa4 17. Be7 f6 $1 18.
b4 axb3 19. axb3 Bb7) ({and} 16. Bb3 Re8 17. Rfe1 Bd7 {
White has a great advantage in both lines.}) 16... Re8 17. Rfe1 Bb6 18. Bb3 Bb7
19. Kg2 d5 20. Re5 c6 {The bishop on b3 has become inactive.} 21. Rae1 Bc7 22.
R5e2 Bc8 23. a4 Bd7 24. Bh4 Rxe2 25. Rxe2 Re8 26. Rxe8+ Bxe8 27. Bg3 Bd8 28.
Be5 f6 29. Bb8 Bg6 30. axb5 axb5 31. Kf1 Kf7 32. Ke2 Ke6 {
Black advances on the kingside.} 33. Ke3 Bb6+ 34. Ke2 Bh5 35. Ba2 g5 36. Bb3 f5
37. Ba2 f4 38. Bb3 Kf5 39. Bd6 ({Or} 39. h3 Bd8 40. Ba7 Bf7 41. Bb8 Bf6 42. Kd2
Bh5) 39... g4 $1 40. Kf1 (40. fxg4+ Kxg4 41. f3+ Kh3 $1 42. Bxf4 Kg2 {
wins for Black (Kramnik).}) 40... g3 41. fxg3 fxg3 42. Bxg3 Bxf3 43. Ba2 Be3 {
Bishop a2 looks pathetic.} 0-1

[Event "London"]
[Site "Chess Classic 3"]
[Date "2011.12.05"]
[Round "3"]
[White "Adams, Michael"]
[Black "McShane, Luke"]
[Result "0-1"]
[WhiteElo "2734"]
[BlackElo "2671"]
[Annotator "JvR"]
[PlyCount "122"]
[EventDate "2011.12.03"]
[SourceDate "1999.07.01"]

1. e4 e5 2. Nf3 Nc6 3. Bb5 Nf6 4. d3 Bc5 5. c3 O-O 6. O-O d6 7. Nbd2 Bb6 8. Nc4
Ne7 9. Ba4 Ng6 10. h3 Be6 11. Bc2 h6 12. a4 c5 $5 13. Nxb6 axb6 14. d4 Qc8 15.
Re1 b5 16. Bd2 bxa4 17. Rxa4 Rxa4 18. Bxa4 Bxh3 $1 19. Nh2 $2 {
Adams does not accept the challenge.} (19. gxh3 Qxh3 20. Qe2 Qg4+ 21. Kh1 Ra8
22. Bd1 Ra2 23. dxe5 Qh3+ 24. Kg1 Qg4+ {leads to perrpetual check.}) 19... Bd7
{Black has gained a pawn.} 20. Bb3 Be6 21. d5 Bd7 22. Nf1 b5 23. Qf3 Nh7 24.
Ng3 Ne7 25. Qh5 f5 26. f4 Nf6 27. Qe2 c4 28. Bc2 fxe4 29. fxe5 dxe5 30. d6 Qc5+
31. Be3 Qxd6 32. Nxe4 Nxe4 33. Bxe4 Bf5 34. Rd1 Qg6 35. Bxf5 Rxf5 36. Rd7 Rf7
37. Bf2 Qb1+ 38. Be1 Ng6 39. Rd6 Kh7 40. Kh2 Qf5 41. Bg3 Nf4 42. Qf3 Qc2 43.
Re6 Rf5 44. Bxf4 Rxf4 45. Qh5 Rf2 46. Qg4 Qd3 47. Rxe5 Rxb2 48. Qf4 Qg6 49. Qf3
Rd2 50. Rxb5 Qd6+ 51. Kg1 Rd1+ 52. Kf2 Qd2+ 53. Kg3 Qe1+ 54. Kg4 Rd6 55. g3 Rf6
56. Rf5 Qe6 57. Qd5 h5+ 58. Kg5 Rxf5+ 59. Qxf5+ Qxf5+ 60. Kxf5 Kh6 61. Kf4 Kg6
{McShane scored his first win.} 0-1

[Event "London"]
[Site "Chess Classic 3"]
[Date "2011.12.05"]
[Round "3"]
[White "Aronian, Levon"]
[Black "Short, Nigel"]
[Result "1-0"]
[WhiteElo "2802"]
[BlackElo "2698"]
[Annotator "JvR"]
[PlyCount "119"]
[EventDate "2011.12.03"]
[SourceDate "1999.07.01"]

1. d4 Nf6 2. c4 e6 3. Nf3 b6 4. g3 Bb4+ 5. Bd2 Bxd2+ 6. Qxd2 Ba6 7. b3 O-O 8.
Bg2 d5 9. cxd5 exd5 10. O-O Qd6 11. Nc3 Nc6 $5 ({Known is} 11... Nbd7 12. Qf4
Qxf4 13. gxf4 c6) 12. Rac1 Rfe8 13. Qf4 Rad8 14. Rfe1 g6 15. a3 Kg7 16. Bf1 Na5
17. Qxd6 Rxd6 18. Nd2 Ne4 $6 ({Preferable is} 18... c5 19. dxc5 bxc5 20. b4
cxb4 21. axb4 Nc4 22. Nxc4 Bxc4) 19. Ncxe4 $1 dxe4 20. b4 Nc6 {
Pawn c7 remains a weakling.} 21. e3 Bxf1 22. Kxf1 Re7 23. Nc4 Rd8 24. Re2 f6
25. Rec2 Nb8 26. a4 $6 (26. b5 {continues the restriction.}) 26... Na6 $1 27.
Nd2 c5 $1 28. bxc5 bxc5 29. Nb3 cxd4 30. Nxd4 Nb4 31. Rc7 Rdd7 32. Rxd7 Rxd7
33. a5 Kf7 34. g4 Nd5 $6 ({More active is} 34... Nd3 35. Rc8 Ne5 36. h3 h5 37.
gxh5 gxh5) 35. Rc8 Ke7 36. h4 Rb7 37. h5 f5 $2 {Short gives a pawn.} 38. hxg6
hxg6 39. gxf5 gxf5 40. Nxf5+ {Aronian grabs a pawn.} Kd7 41. Rc5 Nb4 $6 (41...
Ke6 42. Nd4+ Ke5 43. Rc8 Nf6 {defends the centre.}) 42. Ng3 $1 Nc6 43. Nxe4
Rb1+ 44. Ke2 Ra1 45. f4 Rxa5 46. Rc2 $5 Nb4 47. Rd2+ Ke7 48. Kf3 Rh5 49. Ng5 a5
50. e4 $1 Rh1 51. e5 $1 Rf1+ 52. Kg4 a4 53. e6 $1 a3 54. Rd7+ Ke8 55. Ne4 {
White has a mate attack.} Nd5 $5 56. Rxd5 a2 57. Rd7 a1=Q 58. Nd6+ Kf8 59. e7+
Kg8 60. e8=Q# {Aronian leveled his score.} 1-0

[Event "London"]
[Site "Chess Classic 3"]
[Date "2011.12.05"]
[Round "3"]
[White "Carlsen, Magnus"]
[Black "Nakamura, Hikaru"]
[Result "1-0"]
[WhiteElo "2826"]
[BlackElo "2758"]
[Annotator "JvR"]
[PlyCount "81"]
[EventDate "2011.12.03"]
[SourceDate "1999.07.01"]

1. e4 e5 2. Nf3 Nc6 3. Bc4 Nf6 4. d3 Bc5 5. c3 d6 6. Bb3 a6 7. Nbd2 Ba7 8. Nf1
h6 9. Ng3 O-O 10. O-O Be6 11. h3 Qd7 12. Be3 Ne7 $5 13. Nh4 Ng6 14. Nhf5 Ne7
15. Nxe7+ Qxe7 16. Bxa7 Rxa7 17. f4 c5 18. Bc2 b5 19. Qd2 Rb7 20. a3 a5 21. Rf2
b4 22. axb4 axb4 {The chances are equal.} 23. Raf1 bxc3 24. bxc3 exf4 25. Rxf4
Nh7 26. d4 cxd4 27. cxd4 Qg5 28. Kh2 Nf6 29. Bd1 Rfb8 $6 ({Preferable is} 29...
Ra8 $1 30. h4 Qa5 $1) 30. h4 Qg6 31. Rxf6 $1 {A sacrifice opens the kingside.}
gxf6 32. Qf4 Rb2 $6 ({Slightly better is} 32... Rb6 $1 33. d5 Bc8) 33. Bh5 Qg7
34. Bf3 $6 (34. d5 $1 Bxd5 $5 35. exd5 R8b4 36. Qxf6 Qxf6 37. Rxf6 Rxh4+ 38.
Kg1 Rb1+ 39. Rf1 Rxf1+ 40. Kxf1 {gains a large advantage.}) 34... Ra8 $2 (34...
Rd8 35. d5 Bc8 {defends properly.}) 35. d5 Bc8 36. Nh5 $1 Qf8 37. Nxf6+ Kh8 38.
Rc1 Kg7 39. e5 $1 dxe5 40. Nh5+ $1 Kh7 41. Be4+ $1 {
Carlsen leads due to his second win.} 1-0

[Event "London"]
[Site "Chess Classic 3"]
[Date "2011.12.06"]
[Round "4"]
[White "Adams, Michael"]
[Black "Short, Nigel"]
[Result "0-1"]
[WhiteElo "2734"]
[BlackElo "2698"]
[Annotator "JvR"]
[PlyCount "142"]
[EventDate "2011.12.03"]
[SourceDate "1999.07.01"]

1. e4 e6 2. d4 d5 3. Nd2 h6 4. Bd3 c5 5. dxc5 Bxc5 6. Ngf3 Nc6 7. O-O Nge7 8.
Qe2 $5 O-O 9. Nb3 Bb6 10. c3 dxe4 11. Qxe4 Ng6 12. Bc4 Kh8 13. Qc2 Nce5 14.
Nxe5 Nxe5 15. Be2 Qh4 16. g3 $5 Qh3 17. Be3 Bxe3 $5 18. fxe3 Ng4 19. Bxg4 Qxg4
20. Rad1 f6 21. Nd4 e5 22. Nf5 Be6 {The chances are level.} 23. e4 Rfd8 24. Ne3
Qg6 25. Kg2 b5 26. b3 a5 27. c4 bxc4 28. bxc4 Qh5 29. h4 Bd7 30. Rf2 Bc6 31.
Nd5 Rab8 32. Qe2 Qg6 33. Qf3 Rd7 34. Kh2 $6 ({Preferable is} 34. Rd3 $1 Rdb7
35. Rb3 a4 36. Rxb7 Rxb7 37. Qd3) 34... Rdb7 35. Rdd2 a4 $1 36. Qe3 Bd7 37. Qf3
Bg4 38. Qe3 Be6 39. Qf3 Rb1 $1 40. Ne3 $2 (40. Qg2 $1 Rc1 41. Rc2 $1 {
hinders the advance.}) 40... Rc1 $1 {Black has the initiative.} 41. Rd6 Qf7 42.
Rfd2 Rbb1 43. g4 Kh7 44. h5 Rc3 45. Kg2 $5 Rxe3 $1 46. Qxe3 Bxg4 47. Rb6 Ra1
48. Qc3 Re1 49. Rf2 Rxe4 50. c5 $5 Bxh5 $5 {
He has a bishop and three pawns for a rook.} 51. Rb4 Bg6 52. Kh2 Qe6 53. Rg2
Bf5 54. Rb7 Bg4 55. Rf2 f5 56. Rb4 Rxb4 57. Qxb4 e4 58. Qd4 e3 59. Rf1 Qxa2+
60. Kg3 Qe2 61. Qf4 Qd2 62. Qe5 e2 63. Rg1 h5 64. c6 f4+ $1 65. Kh4 Qd8+ $1 66.
Qg5 Qxg5+ 67. Kxg5 f3 68. c7 f2 69. Rxg4 f1=Q 70. c8=Q Qf6+ 71. Kxh5 Qh6# {
Short had been fighting for a spectacular win in a lengthy game.} 0-1

[Event "London"]
[Site "Chess Classic 3"]
[Date "2011.12.06"]
[Round "4"]
[White "Anand, Viswanathan"]
[Black "Nakamura, Hikaru"]
[Result "0-1"]
[WhiteElo "2811"]
[BlackElo "2758"]
[Annotator "JvR"]
[PlyCount "98"]
[EventDate "2011.12.03"]
[SourceDate "1999.07.01"]

1. d4 Nf6 2. c4 g6 3. Nc3 Bg7 4. e4 d6 5. Nf3 O-O 6. Be2 e5 7. O-O Nc6 8. d5
Ne7 9. b4 Ne8 10. c5 f5 11. Nd2 Nf6 12. a4 g5 13. Nc4 h6 14. f3 f4 {
Nakamura plays a risky line.} 15. Ba3 Ng6 16. b5 dxc5 $5 (16... Ne8 17. a5 Rf7
{drew in Smyslov - Ciocaltea, Sochi 1963.}) 17. Bxc5 Rf7 18. a5 h5 19. b6 g4
20. Nb5 cxb6 $5 21. axb6 g3 $5 22. Kh1 $5 Bf8 23. d6 $6 ({Preferable is} 23.
Rxa7 $1 Rb8 24. d6) 23... a6 24. Nc7 Rb8 25. Na5 Kh8 26. Bc4 Rg7 27. Ne6 $5
Bxe6 28. Bxe6 gxh2 29. Nc4 $2 (29. Bh3 {defends properly.}) 29... Qe8 30. Bd5
h4 31. Rf2 h3 $1 32. gxh3 Rc8 33. Ra5 $5 Nh4 34. Kxh2 $5 Nd7 $2 (34... Nxd5 $1
35. exd5 Rg3 {wins for Black.}) 35. Bb4 Rg3 36. Qf1 Qh5 37. Ra3 a5 $5 38. Be1
Rxc4 39. Bxc4 Bxd6 40. Rxa5 $2 (40. Rd3 $1 Bc5 41. Be6 Nf6 42. Rc2 {
keeps the equality (Nakamura).}) 40... Bc5 41. Be2 Bxb6 42. Rb5 Bd4 $6 43. Bd1
$6 Bxf2 44. Bxf2 Nxf3+ 45. Bxf3 Qxf3 46. Rb1 Rg6 47. Rxb7 Nf6 48. Rb8+ Kh7 49.
Rb7+ Kh6 {The King's Indian Defence is too hard for humans.} 0-1

[Event "London"]
[Site "Chess Classic 3"]
[Date "2011.12.06"]
[Round "4"]
[White "Howell, David"]
[Black "McShane, Luke"]
[Result "0-1"]
[WhiteElo "2633"]
[BlackElo "2671"]
[Annotator "JvR"]
[PlyCount "74"]
[EventDate "2011.12.03"]
[SourceDate "1999.07.01"]

1. e4 e5 2. Nf3 Nc6 3. d4 exd4 4. Nxd4 Bb4+ 5. c3 Bc5 6. Nxc6 bxc6 7. Bd3 d6 8.
O-O Ne7 9. Nd2 O-O 10. b4 Bb6 11. a4 a5 12. Nc4 axb4 $5 (12... Be6 13. Qe2 Kh8
{was played in Amonarov - Zubarov, Ohrid 2009.}) 13. Nxb6 cxb6 14. cxb4 c5 15.
Bb2 Be6 16. Re1 f6 17. Qd2 Nc6 18. Bc3 Qc7 19. b5 Na5 20. Bc2 Rfd8 21. Rab1 Kh8
22. Qf4 Ba2 $5 23. Rb2 Bg8 24. Rbb1 Qf7 25. h3 h6 26. Re3 Bh7 27. Rd1 Qe7 28.
Bxa5 Rxa5 29. Red3 $2 ({Correct is} 29. Bb3) 29... Qxe4 $1 30. Rxd6 $5 Qxf4 31.
Rxd8+ Bg8 32. Bg6 ({The pointe is} 32. Bb3 c4 $1) 32... Qc4 $1 33. g3 Rxa4 34.
Re1 f5 $5 35. Re7 f4 36. gxf4 Qxf4 $6 37. Bf7 $6 (37. Rxg8+ $1 Kxg8 38. Re8+
Qf8 39. Bh7+ Kf7 40. Bg6+ Kxg6 41. Rxf8 Rb4 {
leads to a won rook ending for Black.}) 37... Qg5+ {
McShane and Carlsen joined the lead.} 0-1

[Event "London"]
[Site "Chess Classic 3"]
[Date "2011.12.08"]
[Round "5"]
[White "Kramnik, Vladimir"]
[Black "Adams, Michael"]
[Result "1-0"]
[WhiteElo "2800"]
[BlackElo "2734"]
[Annotator "JvR"]
[PlyCount "109"]
[EventDate "2011.12.03"]
[SourceDate "1999.07.01"]

1. d4 Nf6 2. c4 e6 3. g3 Bb4+ 4. Bd2 Bxd2+ 5. Qxd2 d5 6. Bg2 O-O 7. Nf3 Nbd7 8.
O-O dxc4 9. Na3 e5 10. Nxc4 e4 11. Nfe5 Nb6 12. Ne3 $5 a5 13. Rac1 c6 14. b3
Re8 15. Rfd1 Be6 16. Rc5 a4 17. b4 a3 18. Ra5 Qd6 19. Rc1 Nbd5 20. Nxd5 Bxd5
21. Nc4 Qe7 22. e3 h5 $6 ({Preferable is} 22... Rxa5 23. bxa5 Nd7) 23. Rxa8
Rxa8 24. Nb6 Rd8 25. Nxd5 Nxd5 26. Rc5 h4 $5 27. Bf1 g6 28. b5 $1 cxb5 $2 (
28... Nc7 $1 29. Qa5 Ra8 30. Qe1 Nxb5 31. Bxb5 cxb5 {
fights back on the queenside.}) 29. Rxb5 Qc7 30. Qa5 b6 31. Qxa3 {
White has gained a pawn.} Rd6 32. Qb3 Nf6 33. Rb4 Kg7 34. Rc4 Rc6 $6 35. Rxc6
Qxc6 36. gxh4 $1 {He grabs a second pawn.} Ng4 37. h3 Nh6 38. Qb5 Qf6 $5 39.
Qe5 Nf5 $5 40. Bg2 Nd6 41. a4 Qxe5 42. dxe5 {White wins the ending.} Nc4 43.
Bxe4 Nxe5 44. Kg2 Kh6 45. Kg3 f6 46. Bc2 Nc4 47. Bd3 Nd6 48. Kg4 Nf7 49. Be2
Nd6 50. Kf4 Nb7 51. h5 $1 gxh5 52. Kf5 Nc5 53. Kxf6 Ne4+ 54. Kf5 Nxf2 55. h4 $1
{Kramnik won his second game.} 1-0

[Event "London"]
[Site "Chess Classic 3"]
[Date "2011.12.08"]
[Round "5"]
[White "Nakamura, Hikaru"]
[Black "Howell, David"]
[Result "1-0"]
[WhiteElo "2758"]
[BlackElo "2633"]
[Annotator "JvR"]
[PlyCount "75"]
[EventDate "2011.12.03"]
[SourceDate "1999.07.01"]

1. c4 e5 2. Nc3 Nf6 3. g3 Bb4 4. Nf3 Bxc3 5. bxc3 Nc6 6. Bg2 O-O 7. O-O Re8 8.
d3 e4 9. Nd4 exd3 10. exd3 Nxd4 11. cxd4 d5 12. Be3 h6 $5 (12... Be6 {
drew in Botvinnik - Basman, Hastings 1966.}) 13. h3 b6 14. Rc1 Qd7 15. Bf4 Bb7
16. Be5 Nh7 17. c5 Rac8 18. h4 Nf8 19. Kh2 bxc5 20. Bh3 Ne6 21. Rxc5 f6 22. Bf4
Qd8 $5 23. Ra5 c5 $5 (23... Ra8 {protects the a-pawn.}) 24. Rxa7 Qb6 25. Ra4
Nxd4 26. Qh5 Qc6 $2 ({Better is} 26... f5 27. Be3 Bc6) 27. Rb1 $1 Ra8 $2 28.
Rxa8 Rxa8 29. Bg2 $2 (29. Re1 Kf8 30. Bxh6 $1 {wins for White.}) 29... Ne6 $2 (
29... f5 30. Be5 Rf8 {defends properly.}) 30. Rxb7 $1 Qxb7 31. Bxd5 Qc8 32.
Bxh6 Ra6 33. Be3 Rd6 34. Bxc5 Rxd5 35. Qxd5 Kf7 36. Be3 Qa6 37. Qc4 Qa8 38. d4
{Nakamura took the lead by this win.} 1-0

[Event "London"]
[Site "Chess Classic 3"]
[Date "2011.12.08"]
[Round "5"]
[White "Short, Nigel"]
[Black "Anand, Viswanathan"]
[Result "0-1"]
[WhiteElo "2698"]
[BlackElo "2811"]
[Annotator "JvR"]
[PlyCount "124"]
[EventDate "2011.12.03"]
[SourceDate "1999.07.01"]

1. e4 c5 2. Nf3 d6 3. Bb5+ Bd7 4. Bxd7+ Qxd7 5. O-O Nc6 6. Qe2 g6 7. c3 Bg7 8.
Rd1 e5 9. b4 $5 ({An alternative is} 9. Na3 Nge7 10. d4) 9... cxb4 10. cxb4
Nge7 11. d4 exd4 12. Bb2 O-O 13. b5 Ne5 14. Nxd4 Rac8 15. Nd2 d5 16. h3 Rfe8
17. Rab1 Qc7 18. Rbc1 Qb6 19. Rxc8 Nxc8 20. exd5 Nd6 $1 {
The extra white pawn has little importance.} 21. Qf1 Rc8 22. N2b3 Nec4 23. Ba1
Na3 $5 24. Qe1 Rd8 25. Qe7 Re8 26. Qg5 $6 (26. Qd7 $5 {protects b5.}) 26...
Naxb5 27. Nxb5 Qxb5 28. Bxg7 Kxg7 29. Qf4 Qb6 30. Rc1 h5 $5 31. Nc5 Qd8 32. Qb4
Qe7 33. a4 b6 34. Na6 $2 {The knight moves outside.} Qf6 35. Re1 $5 Rc8 36. Qb1
Rc4 $1 37. Nb4 Qc3 38. Nc6 Rxa4 {Now, Black has an extra pawn.} 39. Qd1 b5 40.
Kh2 Qf6 41. Qd2 Ne4 42. Qe3 Qd6+ 43. Kg1 Qxd5 44. Nxa7 Qb7 45. Qd3 Qxa7 46.
Rxe4 Rxe4 47. Qxe4 Qa1+ 48. Kh2 Qc3 {Black has a won the queen ending.} 49. f4
Qc5 50. Qd3 b4 51. f5 h4 52. Qd7 g5 53. Qd8 Qxf5 54. Qd4+ Kg6 55. Qd6+ Qf6 56.
Qxb4 Qf4+ 57. Qxf4 gxf4 {The pawn ending is elementary.} 58. Kg1 Kf5 59. Kf1
Ke4 60. Ke2 f3+ $1 61. gxf3+ Kf4 62. Kf2 f6 {
Anand had compensated his previous loss.} 0-1

[Event "London"]
[Site "Chess Classic 3"]
[Date "2011.12.09"]
[Round "6"]
[White "Anand, Viswanathan"]
[Black "Kramnik, Vladimir"]
[Result "1/2-1/2"]
[WhiteElo "2811"]
[BlackElo "2800"]
[Annotator "JvR"]
[PlyCount "78"]
[EventDate "2011.12.03"]
[SourceDate "1999.07.01"]

{The world champion meets his predecessor.} 1. d4 Nf6 2. c4 e6 3. Nf3 d5 4. Nc3
Be7 5. Bf4 O-O 6. e3 Nbd7 7. Be2 dxc4 8. O-O c5 9. dxc5 Nxc5 10. Bxc4 Qxd1 11.
Rfxd1 b6 12. Nd4 Bb7 13. f3 $5 (13. Rac1 a6 14. b4 Nce4 15. Nxe4 Bxe4 {
drew in Gelfand - Kramnik, Moscow 2011.}) 13... Rfc8 $5 14. Rac1 a6 15. a3 Nh5
16. Be5 Nf6 17. Bg3 Kf8 18. e4 Ke8 19. Bf1 g6 20. Bf2 $5 e5 $1 21. Nc2 Nb3 22.
Rb1 b5 23. Ne3 Rd8 24. a4 Nd2 25. axb5 $5 {Anand makes an attempt to win.} Nxb1
26. Rxb1 Bc5 27. Nc4 Bxf2+ 28. Kxf2 axb5 29. Nxb5 Kf8 30. Nxe5 Bxe4 $5 31. fxe4
Nxe4+ 32. Kg1 Nd2 $1 33. Rc1 Ra2 34. Na3 Rxb2 35. Nac4 $5 Nxc4 36. Nxc4 Rc8 37.
Ra1 Rc2 38. Ne5 Rc1 39. Rxc1 Rxc1 {White's material advantage does not suffice.
} 1/2-1/2

[Event "London"]
[Site "Chess Classic 3"]
[Date "2011.12.10"]
[Round "7"]
[White "Carlsen, Magnus"]
[Black "Adams, Michael"]
[Result "1-0"]
[WhiteElo "2826"]
[BlackElo "2734"]
[Annotator "JvR"]
[PlyCount "75"]
[EventDate "2011.12.03"]
[SourceDate "1999.07.01"]

1. d4 Nf6 2. c4 e6 3. Nc3 Bb4 4. Nf3 b6 5. Qc2 Bb7 6. a3 Bxc3+ 7. Qxc3 d5 8.
cxd5 $5 ({Theory is} 8. Bg5) 8... Qxd5 9. e3 Nbd7 10. b4 O-O 11. Bb2 a5 12. Bd3
axb4 13. axb4 Rxa1+ 14. Bxa1 Qa2 15. O-O Nd5 16. Qe1 c5 $5 17. dxc5 bxc5 18. b5
Ra8 19. Qc1 h6 20. h3 Qa3 21. Qd2 Qb4 22. Qc2 Qa4 23. Qb2 f6 24. Rc1 Nb4 25.
Be2 Bxf3 26. gxf3 Nd5 27. f4 N7b6 28. Bg4 Kf7 29. Qb1 Qa3 30. Rd1 f5 31. Bf3
Ra4 32. Be5 Qb4 33. Qd3 Ra3 34. Qf1 g6 35. h4 {White has a plus.} Nc4 $4 ({
Better is} 35... Nd7 36. h5 Nxe5 37. fxe5 g5) 36. Rxd5 $1 Nxe5 ({The pointe is
} 36... exd5 37. Bxd5+ Ke7 38. Bxc4) 37. Rxe5 $1 Qc3 38. Kg2 {
Carlsen has an extra bishop.} 1-0

[Event "London"]
[Site "Chess Classic 3"]
[Date "2011.12.10"]
[Round "7"]
[White "Kramnik, Vladimir"]
[Black "Howell, David"]
[Result "1-0"]
[WhiteElo "2800"]
[BlackElo "2633"]
[Annotator "JvR"]
[PlyCount "79"]
[EventDate "2011.12.03"]
[SourceDate "1999.07.01"]

1. Nf3 d5 2. d4 Nf6 3. c4 dxc4 4. e3 e6 5. Bxc4 c5 6. O-O a6 7. Nc3 Nc6 8. a3
b5 9. Ba2 Bb7 10. Qe2 Qc7 11. Rd1 Rd8 12. d5 exd5 13. Nxd5 Nxd5 14. Bxd5 Be7
15. e4 O-O 16. g3 $5 Na5 17. Bf4 Qc8 18. a4 b4 19. Rac1 Bc6 $2 (19... Rfe8 20.
Bxb7 Qxb7 {is alright.}) 20. Bg5 $1 Bxg5 (20... Qb7 21. Bxe7 Qxe7 22. Qxa6 {
also costs a pawn.}) 21. Rxc5 $1 Bf6 22. Rxa5 {White has gained a pawn.} Bxd5
23. Raxd5 Rxd5 24. Rxd5 Qc1+ 25. Kg2 Bxb2 26. Qxa6 Qc2 27. Rd2 Qb3 28. a5 Bc3
29. Rd5 Qc2 30. Qb7 b3 31. a6 b2 32. Rb5 Qa4 33. a7 h6 34. e5 Kh7 35. Rb3 $1
Qa2 36. h4 $5 Kg8 37. h5 Qa5 38. Qb8 Qa2 39. Rxc3 $5 b1=Q 40. Rc8 $1 {
Kramnik won his third game.} (40. Rc8 Qf1+ 41. Kxf1 Qa6+ 42. Kg2 Rxc8 43. Nd4
$1 {wins for White.}) 1-0

[Event "London"]
[Site "Chess Classic 3"]
[Date "2011.12.10"]
[Round "7"]
[White "Short, Nigel"]
[Black "McShane, Luke"]
[Result "0-1"]
[WhiteElo "2698"]
[BlackElo "2671"]
[Annotator "JvR"]
[PlyCount "72"]
[EventDate "2011.12.03"]
[SourceDate "1999.07.01"]

1. e4 e5 2. f4 exf4 3. Nf3 h6 4. d4 g5 5. Nc3 d6 6. g3 fxg3 7. hxg3 Bg7 8. Be3
{Short has compensation for the sacrificed pawn in the King's Gambit.} Nf6 $5
9. Qd3 Ng4 $5 10. O-O-O c6 11. Re1 Nd7 12. e5 $5 ({More prudent is} 12. Bg1 O-O
13. Bg2) 12... dxe5 13. Bh3 $2 {He sacrifices another pawn.} ({Correct is} 13.
dxe5 $1 Nxe3 $2 14. Qxe3 Qb6 15. e6 Qxe3+ 16. Rxe3 fxe6 17. Rxe6+ Kf8 18. Re3 {
and White might survive.}) 13... Nxe3 14. Rxe3 O-O 15. Ne4 $5 Nf6 ({
Even better is} 15... exd4 $1 16. Nexg5 Nf6 $1) 16. Bxc8 $5 exd4 $1 17. Bxb7 $5
dxe3 18. Bxa8 Nxe4 19. Qxe4 Qb6 $1 20. Ne5 Rxa8 21. Qxc6 Qxc6 22. Nxc6 Re8 {
Black has gained a valuable pawn.} 23. c3 Re6 24. Nxa7 ({Or} 24. Nd4 Bxd4 25.
cxd4 Kg7 26. Kc2 f5 {(Saunders).}) 24... Be5 $1 25. Nb5 e2 $1 26. Kd2 Bxg3 27.
Re1 Bxe1+ 28. Kxe1 h5 29. Nd4 Ra6 30. a3 h4 31. Kxe2 g4 32. c4 h3 33. Kf2 h2
34. Kg2 Rh6 35. Kh1 g3 36. Nf5 g2+ $1 {
Carlsen, Kramnik and McShane took the lead, ahead of Nakamura.} 0-1

[Event "London"]
[Site "Chess Classic 3"]
[Date "2011.12.11"]
[Round "8"]
[White "McShane, Luke"]
[Black "Kramnik, Vladimir"]
[Result "0-1"]
[WhiteElo "2671"]
[BlackElo "2800"]
[Annotator "JvR"]
[PlyCount "138"]
[EventDate "2011.12.03"]
[SourceDate "1999.07.01"]

{Two of the three leaders met in the penultimate round. It became the decisive
game.} 1. e4 e5 2. Nf3 Nc6 3. Bb5 Nf6 4. d3 Bc5 5. Bxc6 dxc6 6. b3 Bg4 $5 7.
Nbd2 Nd7 8. Bb2 f6 9. Nf1 Nf8 10. h3 Bxf3 11. Qxf3 Ne6 12. Ne3 Qd7 13. h4 a5
14. a4 O-O 15. h5 Bxe3 16. Qxe3 c5 17. Qh3 Qc6 18. O-O Nf4 19. Qh2 Qe8 $5 20.
h6 g5 $5 21. g3 Ne6 22. f4 $5 {McShane carries out a sacrifice.} gxf4 23. gxf4
Nxf4 24. Rxf4 exf4 25. Kf2 Rf7 $1 26. Qh5 $5 Qe6 $5 27. Qxc5 Kh8 28. Qc4 $5 Re8
29. Rh1 Qd7 30. Qb5 Re6 31. Qxd7 Rxd7 {
Black has a material advantage, but White has a sufficient compensation.} 32.
Rg1 $1 Rc6 33. Kf3 $1 Rd8 34. Rg5 $1 Rf8 35. Rg2 $6 {He should not retreat.} ({
Better is the materialistic} 35. Rxa5 {(Kramnik).}) 35... Rg8 $1 36. Rh2 Rg1
37. d4 $5 Rf1+ 38. Kg4 f3 39. d5 $5 Rd6 $5 ({He misses the winning} 39... f2 $1
{by time pressure.}) 40. c4 Kg8 41. c5 $2 (41. Bd4 Kf7 42. Rh3 f2 43. Kf4 {
offers a stubborn resistance.}) 41... f5+ $1 42. Kxf5 Rg6 43. Bd4 Rd1 44. Be3
Rg2 45. Rh3 f2 46. Bxf2 Rxf2+ 47. Ke6 Rf7 48. d6 c6 49. Ke5 Kf8 50. Rh2 Rg1 51.
b4 axb4 52. Rb2 Rg5+ 53. Ke6 Rg6+ 54. Ke5 Rxh6 55. a5 Rh5+ 56. Ke6 Rh6+ 57. Ke5
Rh5+ 58. Ke6 Ke8 59. a6 Rh6+ 60. Ke5 bxa6 61. Rxb4 Ra7 62. Rb8+ Kf7 63. Rc8
Re6+ 64. Kf5 a5 65. Rh8 Rf6+ 66. Ke5 Kg7 67. Rc8 a4 68. Rxc6 a3 69. d7 a2 $1 {
Kramnik defeated the fourth Englishman and took the lead.} 0-1